| 000 | 00623nam a22001937a 4500 | ||
|---|---|---|---|
| 005 | 20240129111920.0 | ||
| 010 | _aENG-139012 | ||
| 020 |
_c5550.00 _a9788181715425 |
||
| 035 | _aEN-122544 | ||
| 037 | _bDBAD/PUB | ||
| 082 | _a591.954 | ||
| 100 |
_aCHANDRA, KAILASH _961362 |
||
| 245 |
_aFaunal Diversity of AGROECOSYSTEMS IN INDIA/ _cKailash chandra |
||
| 260 |
_aKolkata _bPublication Division _c2021 |
||
| 270 | _aM-Block, New Alipore, Kolkta-700053 | ||
| 300 |
_a767 p. _c25cm(Hbk) |
||
| 700 |
_aKailash Chandra, P.C Pathania,K. rajmohana and S.S Hundal _961360 |
||
| 942 |
_2ddc _cEN _h591.954 _mCHA |
||
| 999 |
_c200419 _d200419 |
||